Eastern Utah Libraries Catalog: Duchesne, Heber, Roosevelt, & Vernal

E.T., the extra-terrestrial (Record no. 33013)

MARC details
000 -LEADER
fixed length control field 03253cgm a2200673 a 4500
001 - CONTROL NUMBER
control field 50037768
003 - CONTROL NUMBER IDENTIFIER
control field OCoLC
005 - DATE AND TIME OF LATEST TRANSACTION
control field 20241220114158.0
007 - PHYSICAL DESCRIPTION FIXED FIELD--GENERAL INFORMATION
fixed length control field vd cgaizu
008 - FIXED-LENGTH DATA ELEMENTS--GENERAL INFORMATION
fixed length control field 020621s2002 xxu117 g vleng d
020 ## - INTERNATIONAL STANDARD BOOK NUMBER
International Standard Book Number 141706580X
020 ## - INTERNATIONAL STANDARD BOOK NUMBER
International Standard Book Number 9781417065806
020 ## - INTERNATIONAL STANDARD BOOK NUMBER
International Standard Book Number 0783270674 :
Terms of availability $29.97
020 ## - INTERNATIONAL STANDARD BOOK NUMBER
International Standard Book Number 025192225727
028 42 - PUBLISHER NUMBER
Publisher number 22257
Source Universal Home Video
035 ## - SYSTEM CONTROL NUMBER
System control number (Sirsi) i9780783270678
040 ## - CATALOGING SOURCE
Original cataloging agency TEF
Transcribing agency TEF
Modifying agency GZD
Description conventions rda
049 ## - LOCAL HOLDINGS (OCLC)
Holding library GZDA
Local processing data rk*
082 04 - DEWEY DECIMAL CLASSIFICATION NUMBER
Classification number 791.43/72
092 ## - LOCALLY ASSIGNED DEWEY CALL NUMBER (OCLC)
Classification number 791.4372
Item number E113
092 ## - LOCALLY ASSIGNED DEWEY CALL NUMBER (OCLC)
Classification number 791.437
245 00 - TITLE STATEMENT
Title E.T., the extra-terrestrial
Medium [videorecording] /
Statement of responsibility, etc Universal ; Amblin Entertainment ; produced by Steven Spielberg & Kathleen Kennedy ; directed by Steven Spielberg ; written by Melissa Mathison.
250 ## - EDITION STATEMENT
Edition statement Limited collector's edition ; Widescreen version.
260 ## - PUBLICATION, DISTRIBUTION, ETC. (IMPRINT)
Place of publication, distribution, etc [United States] :
Name of publisher, distributor, etc Universal Home Video,
Date of publication, distribution, etc [2002]
264 #1 - Production, Publication, Distribution, Manufacture, and Copyright Notice.
Place of production, publication, distribution, manufacture [United States] :
Name of producer, publisher, distributor, manufacturer Universal Home Video,
Date of production, publication, distribution, manufacture, or copyr [2002]
300 ## - PHYSICAL DESCRIPTION
Extent 2 videodiscs (117 min.) :
Other physical details sd., col. ;
Dimensions 4 3/4 in.
500 ## - GENERAL NOTE
General note Originally produced as a motion picture in 1982.
500 ## - GENERAL NOTE
General note Special features: New introduction by Steven Spielberg; "The evolution and creation of E.T."; conceptual stills; original advertising materials on making the film; cast and crew interviews on their experiences making the film; production photos and premiere footage; E.T. archives; John Williams conducts the orchestra; Explore the solar system and universe guided by E.T.; DVD-ROM features.
508 ## - CREATION/PRODUCTION CREDITS NOTE
Creation/production credits note Director of photography, Allen Daviau ; editor, Carol Littleton ; music, John Williams ; production designer, James D. Bissell.
511 1# - PARTICIPANT OR PERFORMER NOTE
Participant or performer note Dee Wallace, Peter Coyote, Drew Barrymore, Henry Thomas.
520 ## - SUMMARY, ETC.
Summary, etc A ten-year-old boy befriends a creature from another planet that has been stranded on earth.
521 8# - TARGET AUDIENCE NOTE
Target audience note MPAA rating: PG.
538 ## - SYSTEM DETAILS NOTE
System details note DVD format ; Dolby digital, dual layer.
546 ## - LANGUAGE NOTE
Language note Closed-captioned. In English and French with optional subtitles in Spanish.
586 ## - AWARDS NOTE
Awards note Academy Award, 1983: Best Music, Original Score (John Williams); Best Effects, Sound Effects Editing (Ben Burtt, Charles L. Campbell); Best Effects, Visual Effects (Dennis Muren, Carlo Rambaldi, Kenneth Smith); Best Sound (Gene S. Cantamessa ... [et al.])
650 #0 - SUBJECT ADDED ENTRY--TOPICAL TERM
Topical term or geographic name as entry element Extraterrestrial beings
Form subdivision Drama.
9 (RLIN) 5685814
655 #0 - INDEX TERM--GENRE/FORM
Genre/form data or focus term Feature films.
9 (RLIN) 6152603
655 #0 - INDEX TERM--GENRE/FORM
Genre/form data or focus term Fantasy films.
9 (RLIN) 6152604
655 #0 - INDEX TERM--GENRE/FORM
Genre/form data or focus term Science fiction films.
9 (RLIN) 102750
690 #7 - LOCAL SUBJECT ADDED ENTRY--TOPICAL TERM (OCLC, RLIN)
Topical term or geographic name as entry element DVDs for the hearing impaired
700 1# - ADDED ENTRY--PERSONAL NAME
Personal name Spielberg, Steven,
Dates associated with a name 1946-
9 (RLIN) 10753
700 1# - ADDED ENTRY--PERSONAL NAME
Personal name Kennedy, Kathleen,
Dates associated with a name 1954-
9 (RLIN) 23907
700 1# - ADDED ENTRY--PERSONAL NAME
Personal name Mathison, Melissa.
9 (RLIN) 16768
700 1# - ADDED ENTRY--PERSONAL NAME
Personal name Stone, Dee Wallace,
Dates associated with a name 1948-
9 (RLIN) 61984
700 1# - ADDED ENTRY--PERSONAL NAME
Personal name Coyote, Peter.
9 (RLIN) 60371
700 1# - ADDED ENTRY--PERSONAL NAME
Personal name Barrymore, Drew.
9 (RLIN) 75597
700 1# - ADDED ENTRY--PERSONAL NAME
Personal name Thomas, Henry,
Dates associated with a name 1971-
9 (RLIN) 61842
700 1# - ADDED ENTRY--PERSONAL NAME
Personal name Daviau, Allen.
9 (RLIN) 70403
700 1# - ADDED ENTRY--PERSONAL NAME
Personal name Littleton, Carol.
9 (RLIN) 60331
700 1# - ADDED ENTRY--PERSONAL NAME
Personal name Williams, John,
Dates associated with a name 1932-
9 (RLIN) 13533
700 1# - ADDED ENTRY--PERSONAL NAME
Personal name Bissell, James D.
9 (RLIN) 6152605
710 2# - ADDED ENTRY--CORPORATE NAME
Corporate name or jurisdiction name as entry element Universal Pictures (Firm)
9 (RLIN) 19584
710 2# - ADDED ENTRY--CORPORATE NAME
Corporate name or jurisdiction name as entry element Amblin Entertainment (Firm)
9 (RLIN) 23913
710 2# - ADDED ENTRY--CORPORATE NAME
Corporate name or jurisdiction name as entry element Universal Studios Home Video (Firm)
9 (RLIN) 65216
942 ## - ADDED ENTRY ELEMENTS (KOHA)
Koha item type DVD
Source of classification or shelving scheme Dewey Decimal Classification
Holdings
Withdrawn status Lost status Source of classification or shelving scheme Damaged status Not for loan Collection code Home library Current library Shelving location Date acquired Source of acquisition Cost, normal purchase price Total Checkouts Total Renewals Full call number Barcode Date last seen Date checked out Cost, replacement price Price effective from Koha item type
    Dewey Decimal Classification     Movies Wasatch County Library Wasatch County Library Audio Visual Area 11/05/2012 Amazon 15.95 118 33 DVD E.T. 34301001124025 11/13/2025 10/24/2025 15.95 03/20/2020 DVD
This project was made possible through a grant from the Institute of Museum and Library Service administered by the Utah State Library Division.

Wasatch County Library

  • 465 East 1200 South, Heber City, Utah 84032
  • Phone 435-654-1511 | Fax 435-654-6456

Hours

  • Monday - Friday 9:30 AM - 8:00 PM
  • Saturday 9:30 AM - 1:30 PM
  • Closed Sundays and Holidays